[Event "YUG-ch"]
[Site "Podgorica"]
[Date "1996.??.??"]
[Round "11"]
[White "Ilincic, Zlatko"]
[Black "Kosic, Dragan"]
[Result "1-0"]
[WhiteElo "2555"]
[BlackElo "2515"]
[Annotator "Lutz,C"]
[PlyCount "237"]
[EventDate "1996.02.??"]
[EventType "tourn"]
[EventRounds "15"]
[EventCountry "YUG"]
[EventCategory "9"]
[SourceTitle "CBM 053"]
[Source "ChessBase"]
[SourceDate "1996.08.01"]
[SourceVersion "1"]
[SourceVersionDate "1996.08.01"]
[SourceQuality "1"]

1. d4 {Hecht} d5 2. c4 c6 3. Nf3 Nf6 4. Nc3 e6 5. e3 Nbd7 6. Bd3 dxc4 7. Bxc4
b5 8. Bb3 Bb7 {Ein Nachteil von 8.Bb3 ist, daß die Diagonale f1-a6 ungeschützt
ist. Schwarz gleicht am einfachsten mit 8...b4 9.Na4 Ba6! aus, vgl. Ilincin,
Z-Blagojevic,D/JUg-ch PodgaricA (13) ; CBM 53 1996.} (8... b4 $1 9. Na4 Ba6 $10
) 9. O-O b4 10. Na4 c5 11. Bd2 cxd4 12. Nxd4 Bd6 13. Rc1 $14 {[%csl Rb4,Rb5,
Rc6] >< b4, b5, c6} Rc8 14. Qe2 O-O 15. Qb5 Rxc1 16. Rxc1 Qa8 17. f3 Rc8 18.
Rxc8+ Qxc8 19. Qa5 (19. Bxb4 $2 Ba6 20. Qa5 Qc1+) 19... a6 (19... Ba6 20. Nc2)
20. Bxb4 Bc7 21. Qg5 Qb8 22. Qh4 Ne5 23. Bc3 Nd5 24. Bd2 Ng6 25. Qh3 e5 26. Ne6
Bd8 27. Nec5 Bc8 28. g4 Qd6 29. Ne4 Qc6 30. Qf1 Nh4 31. Kf2 Nf6 32. Qc4 Nxe4+
33. Qxe4 Qxe4 34. fxe4 Bxg4 35. Nc5 Nf3 36. Bc3 Bh4+ 37. Kg2 Ng5 38. Bd5 Bh3+
39. Kh1 Nf3 40. Nd3 Bf6 41. Bb7 Bg5 42. Nxe5 Nxe5 43. Bxe5 Bf1 44. Bd4 Be7 45.
Kg1 Bc4 46. b3 Bd3 47. Bc3 Bd8 48. a4 Kf8 49. Kf2 Bc7 50. b4 f6 51. h4 Ke7 52.
Bd4 Kd7 53. Kf3 Bd6 54. Bc3 Kc7 55. Bd5 Bc2 56. b5 axb5 57. Ba5+ Kb8 58. axb5
Bd1+ 59. Kf2 Bg4 60. Bc3 Bd7 61. b6 Bg4 62. Bd4 h5 63. Kg2 Kc8 64. Bc3 Bc5 65.
b7+ Kb8 66. Be1 Bd6 67. Bg3 Be5 68. Kf2 Bd7 69. Bxe5+ fxe5 {Hecht: [#]
blockierter weißer Doppelmehrbauer ab Zug 77, Gewinn durch Zugzwang} 70. Ke1
Bb5 71. Kd2 Ba6 72. Kc3 Bxb7 73. Kc4 Ba6+ 74. Kc5 Kc7 75. Ba8 Kd7 (75... g5 {
Hecht} 76. hxg5 h4 (76... Bc8 77. Bd5 h4 78. g6 h3 79. g7 h2 80. g8=Q h1=Q 81.
Qg7+ Bd7 82. Qxe5+ Kc8 83. Kd6 Qh6+ 84. Be6 Qf8+ 85. Kd5 $18) (76... Kd7 77.
Kd5 h4 78. g6 Ke7 79. Kxe5 h3 80. Kf5 Bf1 (80... Bd3 81. Kg5 h2 82. e5 Ke6 $44)
81. Bd5 Bg2 82. g7 h2 83. g8=Q h1=Q $16 {Gewinn?-Analyse!}) 77. g6 h3 78. g7 h2
79. g8=Q h1=Q 80. Qg7+ Kb8 81. Bd5 $18 Qc1+ 82. Kb6) 76. Kd5 Ke7 77. Kxe5 Bc8
78. Kf4 Bg4 79. e5 Ke6 80. Bb7 Be2 81. Bc8+ Kf7 82. Bf5 Ke7 83. Kg5 Bf3 84. Bg6
Ke6 85. Bxh5 Be4 86. Kf4 Bc2 87. Bg4+ Ke7 88. Bf5 Ba4 89. Kg5 Be8 {[#]} 90. Bc8
Kf8 91. h5 Ke7 92. Bf5 Bc6 93. Bh7 Be8 94. Bg6 Bb5 95. Bh7 Bc6 96. Bg8 (96. Kg6
{Hecht} Be8+) 96... Be4 97. e6 Bd3 98. Bf7 Be4 99. Bg6 Bc6 100. Bf5 Bb5 101.
Bg4 Bd3 (101... Be8 {Hecht} 102. e4 Kf8 103. h6 gxh6+ 104. Kf6 h5 105. e7+ Kg8
106. Be6+ Kh7 107. Bf7 $18) 102. Kf4 Bb5 103. Kf5 Be8 104. e4 {Zugzwang!} Kd6
105. h6 gxh6 106. Kf6 h5 107. e5+ Kd5 108. Bf3+ Kd4 109. e7 h4 110. Bg2 Ke3
111. Bh3 Kf4 112. Be6 Bc6 113. Bd5 (113. Bf7 {Hecht} h3 (113... Ke4 114. e8=Q
Bxe8 115. Bxe8 Kd5 116. e6 h3 117. e7 h2 118. Bc6+ $18) 114. e8=Q Bxe8 115.
Bxe8 $18) 113... Bd7 114. e6 Be8 115. Bg2 Kg3 116. Bf1 Kf4 117. Bh3 Ke4 (117...
Kg3 {Hecht} 118. Bf5 h3 119. Bxh3 Kxh3 120. Kg7 Kg4 121. Kf8 $18) 118. Bf5+ Kf4
119. Bg6 1-0

[Event "EU-ch 2nd"]
[Site "Ohrid"]
[Date "2001.06.03"]
[Round "3"]
[White "Lputian, Smbat G"]
[Black "Kuczynski, Robert"]
[Result "1-0"]
[WhiteElo "2607"]
[BlackElo "2509"]
[Annotator "Lutz,C"]
[PlyCount "119"]
[EventDate "2001.06.01"]
[EventType "swiss"]
[EventRounds "13"]
[EventCountry "YUG"]
[SourceTitle "CBM 084"]
[Source "ChessBase"]
[SourceDate "2001.09.13"]
[SourceVersion "1"]
[SourceVersionDate "2001.09.13"]
[SourceQuality "1"]

1. d4 d5 2. c4 c6 3. Nc3 Nf6 4. Nf3 e6 5. e3 Nbd7 6. Bd3 dxc4 7. Bxc4 b5 8. Be2
a6 9. O-O $6 {Dieser Zug erlaubt es Schwarz, sofort auszugleichen.} ({
Aussichtsreicher ist} 9. e4 b4 10. e5 bxc3 11. exf6 Nxf6 12. bxc3 {mit Chancen
auf einen leichten Vorteil.}) 9... c5 10. e4 (10. d5) 10... cxd4 11. Qxd4 Bc5
12. Qd3 Qc7 13. e5 $1 {Ein (fast erzwungenes) Bauernopfer im Kampf um die
Initiative. Würde Weiß nicht diesen Zug spielen, könnte er nach ...0-0 und ...
Bb7 schon bald schlechter stehen.} Nxe5 14. Nxe5 Qxe5 15. Qf3 Nd5 $6 {Dieser
Zug bringt Schwarz in Nachteil, da er wegen der offenen Diagonalen f3-a8
Probleme mit dem Ra8 bekommt.} (15... Bd6 $5 {führt zu unklarem Spiel:} 16. g3
Rb8 17. Qc6+ (17. Bf4 Qc5) 17... Ke7 18. Bf4 Bb7 19. Qb6 Nd7) 16. Nxd5 Qxd5 (
16... exd5 17. Bf4 {/\} Qe6 18. Bxb5+ $1 axb5 19. Rfe1 $16) 17. Qg4 Qd4 18. Qg3
Bd6 (18... O-O 19. Bf3 Bd6 (19... Ra7 20. Be3 $18) 20. Be3 Qxe3 21. Qxd6 Qa7
22. Bxa8 Qxa8 23. Rac1 $16) 19. Be3 Bxg3 20. Bxd4 Bd6 21. Bf3 Rb8 22. Ba7 Rb7
23. Bxb7 Bxb7 $14 {Das Endspiel erscheint mir durchaus haltbar. In der Phase
um den 40.Zug konnte Schwarz vermutlich sein Spiel verbessern.} 24. Rac1 Kd7
25. Bc5 Be5 26. Rfd1+ Bd5 27. Bd4 Bd6 28. a3 Rg8 29. Rc3 h5 30. Rh3 g6 31. Bf6
Rb8 32. Re3 Rg8 33. Be5 Bxe5 34. Rxe5 Rc8 35. Kf1 a5 36. f3 Kd6 37. Re3 Rc2 38.
Re2 Rc4 39. h3 Kc5 40. Kf2 b4 41. axb4+ Kxb4 42. Ke3 f6 43. Rd4 Rxd4 44. Kxd4
Bc4 45. Rc2 e5+ 46. Ke4 h4 47. f4 Be6 48. Rc6 Bf5+ 49. Ke3 a4 50. Rxf6 exf4+
51. Kxf4 Kb3 52. Rb6+ Ka2 53. Ke3 Bc2 54. Kd2 Be4 55. Kc3 Bxg2 56. Ra6 g5 57.
Rxa4+ Kb1 58. Rg4 Bxh3 59. Rxg5 Bd7 60. Rg7 1-0

[Event "WchT 4th"]
[Site "Luzern"]
[Date "1997.10.30"]
[Round "6.1"]
[White "Yermolinsky, Alex"]
[Black "Akopian, Vladimir Eduardovic"]
[Result "1/2-1/2"]
[WhiteElo "2650"]
[BlackElo "2660"]
[Annotator "Lutz,C"]
[PlyCount "41"]
[EventDate "1997.10.25"]
[EventType "team-tourn"]
[EventRounds "9"]
[EventCountry "SUI"]
[SourceTitle "CBM 062"]
[Source "ChessBase"]
[SourceDate "1998.01.31"]
[SourceVersion "1"]
[SourceVersionDate "1998.01.31"]
[SourceQuality "1"]
[WhiteTeam "US of America"]
[BlackTeam "Armenia"]
[WhiteTeamCountry "USA"]
[BlackTeamCountry "ARM"]

1. Nf3 Nf6 2. c4 c6 3. Nc3 d5 4. e3 e6 5. d4 Nbd7 6. Bd3 dxc4 7. Bxc4 b5 8. Bd3
Bb7 9. O-O b4 10. Ne4 Be7 11. Nxf6+ Nxf6 12. Qe2 O-O 13. e4 c5 14. dxc5 Nd7 (
14... Rc8) 15. c6 $1 Bxc6 16. Be3 Bb7 17. Rac1 Qa5 (17... Qb8 18. Bb5 Nf6 (
18... Ne5 19. Nd4) 19. Nd4 $16 {Chekhov}) 18. Rfd1 {Etwas zu routinemäßig.
Kritischer ist 18.Bb5, um das geschwächte Feld c6 anzusteuern.} (18. Bb5 Rad8 (
18... Nf6 19. Nd4 Rac8 (19... Bxe4 20. Bc6 $18) (19... Nxe4 20. Nc6 $18) 20.
Nc6 Bxc6 21. Bxc6 Qxa2 22. Ra1 Qb3 23. Rfc1 Rfd8 $5 24. e5 Ne8 $8 (24... Nd5
25. Ba4 Rxc1+ 26. Bxc1 $18) 25. Bxa7 $16 {(Varianten gemäß Stohl)}) 19. Nd4 Bf6
(19... Bxe4 20. Bc6 {Stohl}) 20. f3 a6 21. Bc4 Nc5 22. Rfd1 $14 {mit
Remisschluß in Stohl,I-Novikov,I (Ostrava 1994). Laut Stohl steht Weiß
angesichts des schwachen Bb7 etwas besser.}) 18... Rac8 (18... Nc5 19. Bxc5
Bxc5 20. e5 Bxf3 21. Qxf3 g6 22. Bc4 Rad8 23. Qe4 Qb6 24. Qe2 Rd4 25. g3 Rfd8
26. Bb3 Rxd1+ 27. Rxd1 Rxd1+ 28. Bxd1 Bd4 29. b3 Qc5 30. h4 Bxe5 31. Kg2 Bd4
32. Bc2 Kg7 33. Bd3 {Ruzele,D-Novikov,I/EU-chT 1992/EU-chT/1/2-1/2 (72)}) 19.
Bb1 Rxc1 20. Rxc1 Rc8 21. Rd1 1/2-1/2

[Event "RUS-ch 54th"]
[Site "Elista"]
[Date "2001.05.09"]
[Round "9"]
[White "Najer, Evgeniy"]
[Black "Lastin, Alexander"]
[Result "1/2-1/2"]
[WhiteElo "2600"]
[BlackElo "2627"]
[Annotator "Lutz,C"]
[PlyCount "65"]
[EventDate "2001.04.29"]
[EventType "swiss"]
[EventRounds "9"]
[EventCountry "RUS"]
[SourceTitle "CBM 083"]
[Source "ChessBase"]
[SourceDate "2001.07.05"]
[SourceVersion "1"]
[SourceVersionDate "2001.07.05"]
[SourceQuality "1"]

1. d4 d5 2. c4 c6 3. Nc3 Nf6 4. e3 e6 5. Nf3 Nbd7 6. Bd3 dxc4 7. Bxc4 b5 8. Bd3
Bb7 9. e4 b4 10. Na4 c5 11. e5 Nd5 12. Ng5 $5 {Eine seltene Idee, die auf den
Ideen Nx6 und/oder Qh5(+) basiert.} cxd4 ({Aus Respekt vor der Drohung Nxe6
wurde häufiger} 12... Be7 {gespielt:} 13. Qh5 Bxg5 (13... g6 14. Qh6 Bf8 15.
Nxe6 Bxh6 16. Nxd8 Rxd8 17. Bxh6 cxd4 18. Rc1 (18. Bb5 Ne7 19. O-O Bc6 20. Bxc6
Nxc6 21. Rac1 Rc8 22. e6 fxe6 23. Bg7 Rg8 24. Bxd4 $14 {1/2-1/2 Ippolito,
D-Neelotpal,D/Calicut 1998/CBM 67 ext (75)}) 18... Rc8 19. Rxc8+ Bxc8 20. e6
fxe6 21. Bg7 Rg8 22. Bxd4 $14 {1/2-1/2 Stempin,P-Matlak,M/Suwalki 1999/EXT
2000 (47)}) 14. Bxg5 Qa5 15. Nxc5 Nxc5 16. dxc5 Ba6 17. Bxa6 Qxa6 18. Qe2 Qxe2+
19. Kxe2 Kd7 20. Rhc1 Kc6 21. Bd2 a5 22. Rc4 (22. a4 bxa3 23. Rxa3 Rhb8 24. Rc2
Rb5 25. Rh3 h6 26. Rg3 g5 27. h4 gxh4 28. Rg4 Rab8 29. Ke1 {1/2-1/2 Giorgadze,
G-Lautier,J/Cala Galdana 1999/EXT 2000 (29)}) 22... Kb5 23. Rg4 g6 24. Rg3 h5
25. Rf3 Ra7 26. a3 Rd7 27. Be3 bxa3 28. Rxa3 Nb4 29. Bd2 Rhd8 30. Bc3 Nc6 31.
Rf4 Kxc5 32. Bxa5 Nxa5 33. Rxa5+ Kb6 34. Ra3 Rd2+ 35. Ke3 Rxb2 36. Rxf7 Rd5 37.
Kf3 Rxe5 38. Re3 Rbb5 39. Rxe5 Rxe5 40. Kf4 Rd5 41. Rf6 g5+ 42. Ke4 Kc5 43.
Rxe6 Rd4+ 44. Ke3 Rh4 45. h3 Kd5 46. Rg6 Re4+ 47. Kd3 Re5 48. Ra6 Rf5 49. Ra5+
Ke6 50. Rxf5 Kxf5 51. Ke3 Ke5 52. g4 h4 53. f3 Kf6 54. Kd4 {1-0 Avrukh,
B-Gurevich,M/Antwerp 1998/EXT 99 (54)}) 13. Nxe6 Qe7 14. Nxf8 Qxe5+ 15. Be2
Kxf8 {Jetzt kann Schwarz nicht mehr rochieren, aber hat immerhin einen
Mehrbauern und zentral postierte Figuren. Es sieht nicht so aus, als hätte er
ernsthafte Probleme hier.} (15... Rxf8 $5 16. O-O O-O-O 17. a3 Kb8 {1/2-1/2
Volzhin,A-Horvath,C/Gyula 2000/CBM 76 (17)}) 16. O-O Re8 17. Bc4 (17. Bb5 N5f6
{1/2-1/2 Groszpeter,A-Chernin,A/HUN-ch 1992/CBM 34 (17)}) 17... Nf4 $5 $146 (
17... Re6 $2 18. f4 $1 Qd6 19. Qxd4 N5b6 20. Qxd6+ Rxd6 21. Nxb6 Nxb6 22. Bb3
Ke7 23. Re1+ Kf6 24. Be3 Rhd8 25. Bc5 R6d7 26. g4 h5 27. Be7+ Rxe7 28. g5+ Kf5
29. Rxe7 Bd5 30. Rd1 {1-0 Greenfeld,A-Haimovich,T/Israel 1999/EXT 2000 (30)}) (
17... h5 $5 {mit der Idee ...g6, ...Kg7} 18. Bd2 Qd6 $13) 18. Qd2 Nd5 19. Bb5
Re7 20. Bxd7 Rxd7 21. Nc5 Re7 22. Nxb7 Rxb7 23. Re1 Qf6 24. Qc2 Rc7 25. Qb3 Rd7
26. Re4 g5 27. h4 h6 28. Qd1 Ne7 29. Bd2 a5 30. Qg4 Rd5 31. Rae1 Ng6 32. h5 Ne5
33. Qg3 $15 {Mit Remisschluss, obwohl mir die schwarze Stellung besser gefällt.
} 1/2-1/2

[Event "Olympiad-36"]
[Site "Mallorca"]
[Date "2004.10.19"]
[Round "5"]
[White "Kozul, Zdenko"]
[Black "Graf, Alexander"]
[Result "1-0"]
[WhiteElo "2640"]
[BlackElo "2646"]
[Annotator "Lutz,C"]
[PlyCount "71"]
[EventDate "2004.10.15"]
[EventType "team-swiss"]
[EventRounds "14"]
[EventCountry "ESP"]
[SourceTitle "CBM 104"]
[Source "ChessBase"]
[SourceDate "2005.01.27"]
[SourceVersion "1"]
[SourceVersionDate "2005.01.27"]
[SourceQuality "1"]
[WhiteTeam "Croatia"]
[BlackTeam "Germany"]
[WhiteTeamCountry "CRO"]
[BlackTeamCountry "GER"]

1. d4 d5 2. c4 c6 3. Nc3 Nf6 4. e3 e6 5. Nf3 Nbd7 6. Bd3 dxc4 7. Bxc4 b5 8. Bd3
Bd6 9. O-O O-O 10. Ng5 Qc7 11. f4 h6 12. Nf3 b4 13. Ne2 c5 14. e4 Be7 15. e5
Nd5 16. Kh1 cxd4 17. Nexd4 Nc5 18. f5 Nxd3 19. Qxd3 exf5 20. Nxf5 Bxf5 21. Qxf5
Qb6 22. Qe4 Rad8 23. Nd4 Bc5 24. Nf5 Rfe8 25. Bxh6 Bf8 26. Bf4 Nxf4 27. Qxf4
Qe6 28. Nd4 Qc4 29. Rad1 Bc5 30. e6 Rf8 31. b3 Qd5 32. e7 Bxe7 33. Nf5 Qb7 34.
Qf3 Rxd1 35. Rxd1 {[%tqu "De","Die schwarze Dame muss den Le7 decken, ist aber
selbst angegriffen. Was soll Schwarz spielen ?","Untersuchen Sie alle
Kandidatenzuege und ueberlegen Sie dann, was Weiss antworten koennte !","",
"b7c7","Das geschah in der Partie, ist aber falsch.",0,"f8b8","Das waere der
richtige Zug gewesen.",10]} Qc7 $4 (35... Rb8 {ist der richtige Zug. Graf
befürchtete dann} 36. Rd7 Qxd7 37. Qg4 {, aber nach} Qxf5 38. Qxf5 Rb6 39. Qd7
Re6 40. g3 a6 $11 {erreicht Schwarz das Unentschieden dank einer Festung.}) 36.
Qg3 1-0

[Event "EU-ch 4th"]
[Site "Istanbul"]
[Date "2003.06.10"]
[Round "10"]
[White "Milov, Vadim"]
[Black "Nielsen, Peter Heine"]
[Result "0-1"]
[WhiteElo "2574"]
[BlackElo "2625"]
[Annotator "Lutz,C"]
[PlyCount "74"]
[EventDate "2003.05.30"]
[EventType "swiss"]
[EventRounds "13"]
[EventCountry "TUR"]
[SourceTitle "CBM 096"]
[Source "ChessBase"]
[SourceDate "2003.09.25"]
[SourceVersion "1"]
[SourceVersionDate "2003.09.25"]
[SourceQuality "1"]

1. d4 d5 2. c4 e6 3. Nc3 c6 4. e3 Nf6 5. Nf3 Nbd7 6. Bd3 dxc4 7. Bxc4 b5 8. Bd3
Bb7 9. e4 b4 10. Na4 c5 11. e5 Nd5 12. dxc5 Nxc5 13. Nxc5 Bxc5 14. O-O h6 15.
Nd2 O-O 16. Ne4 Bd4 17. Nd6 Bc6 18. Bh7+ Kxh7 19. Qxd4 f6 20. Bd2 fxe5 21. Qe4+
Kg8 22. Qxe5 Qd7 23. Rfe1 Rad8 24. Ne4 (24. Nc4 $5 {0-1 Radjabov,T-Shirov,A/
Sarajevo 2003/CBM 96/[Lutz] (51)}) 24... Rf5 25. Qd4 $6 (25. Qg3 Nf6 26. Nxf6+
Rxf6 27. Bxb4 Kh7 28. Qc3 Rg6 $132 {1/2-1/2 Tukmakov,V-Dreev,A/Odessa 1989/
URS-ch (28)}) 25... Nf4 $1 $15 {Die Akitvität der Figuren machen die Schwächen
in der schwarzen Bauernstruktur mehr als wett.} 26. Qxd7 Rxd7 27. Bxf4 Rxf4 28.
Nc5 (28. f3 $142 Bxe4 29. Rxe4 Rxe4 30. fxe4 Rd4 31. Rc1) 28... Rd2 29. f3 Rc4
30. Rec1 Rxc1+ 31. Rxc1 Bd5 $17 32. a3 b3 33. Na4 Rc2 34. Rb1 Bc6 35. Nc3 Be8
36. h4 Bg6 37. Rd1 $2 (37. Ne4 $17) 37... Rxc3 0-1

[Event "Cannes m1"]
[Site "Cannes"]
[Date "2000.04.19"]
[Round "2"]
[White "Tkachiev, Vladislav"]
[Black "Piket, Jeroen"]
[Result "1/2-1/2"]
[WhiteElo "2670"]
[BlackElo "2633"]
[Annotator "Lutz,C"]
[PlyCount "59"]
[EventDate "2000.04.18"]
[EventType "match"]
[EventRounds "8"]
[EventCountry "FRA"]
[SourceTitle "CBM 077"]
[Source "ChessBase"]
[SourceDate "2000.07.27"]
[SourceVersion "1"]
[SourceVersionDate "2000.07.27"]
[SourceQuality "1"]

1. d4 d5 2. c4 c6 3. Nc3 Nf6 4. e3 e6 5. Nf3 Nbd7 6. Bd3 dxc4 7. Bxc4 b5 8. Bd3
Bb7 9. O-O b4 10. Ne4 Be7 11. a3 Nxe4 12. Bxe4 Nf6 13. Bd3 bxa3 14. bxa3 O-O
15. Rb1 Qc8 $5 {Dieser Zug stellt eine Neuerung dar, liegt aber eigentlich
nicht fern. Häufiger wurde die schwarze Dame nach c7 gestellt, aber dann kann
Weiß mit einem eventuellem Bf4 ein Tempo gewinnen. Außerdem kann Schwarz bei
Gelegenheit jetzt ...Ba6 spielen.} (15... Qc7 {würde über Zugumstellung zu
einer älteren Partie von Tkachiev führen.} 16. e4 c5 17. Bf4 Qc8 18. Qe2 c4 19.
Bc2 Bxa3 20. e5 {1/2-1/2 Tkachiev,V-Novikov,I/Isle of Man 1996/EXT 97 (19)})
16. e4 c5 17. e5 Nd7 18. Ng5 h6 19. Qh5 Bxg5 20. Bxg5 Bd5 21. dxc5 $6 (21. Rfc1
$5) 21... Nxe5 22. Bxh6 f5 {Schwarz hat die weiße Initative abgeschlagen,
jetzt muss Weiß bereits nach einer Notbremse suchen.} 23. Qg5 Qc7 24. c6 (24.
Qg3 $5 f4 25. Bxf4 Rxf4 26. Qxf4 Nf3+ 27. Qxf3 Bxf3 28. gxf3 $11) 24... Bxc6
25. Qg3 (25. Rfc1 Rf6 $17) 25... f4 26. Bxf4 Rxf4 27. Qxf4 Nf3+ 28. Qxf3 Bxf3
29. gxf3 Rb8 30. Bc4 (30. Bc4 Rxb1 31. Bxe6+ Kf8 32. Rxb1 Qd6 33. Re1 Qxa3 34.
Kg2 $11) 1/2-1/2

[Event "RUS-Cup10"]
[Site "Tomsk"]
[Date "1997.07.31"]
[Round "9"]
[White "Yakovich, Yuri"]
[Black "Galkin, Alexander"]
[Result "1/2-1/2"]
[WhiteElo "2610"]
[BlackElo "2540"]
[Annotator "Lutz,C"]
[PlyCount "42"]
[EventDate "1997.07.21"]
[EventType "swiss"]
[EventRounds "9"]
[EventCountry "RUS"]
[SourceTitle "EXT 2000"]
[Source "ChessBase"]
[SourceDate "1999.11.16"]
[SourceVersion "1"]
[SourceVersionDate "1999.11.16"]
[SourceQuality "1"]

1. d4 d5 2. c4 c6 3. Nc3 Nf6 4. e3 e6 5. Nf3 Nbd7 6. Bd3 dxc4 7. Bxc4 b5 8. Bd3
Bb7 9. e4 b4 10. Na4 c5 11. e5 Nd5 12. O-O cxd4 13. Re1 {Der mit 13.Re1
beginnende Variantenkomplex ist äußerst verwickelt, aber Schwarz braucht die
Komplikationen nicht zu fürchten. Hier hat sich in den letzten zwei Jahren
wenig getan.} g6 14. Bd2 Bg7 15. Bb5 a6 16. Nc5 axb5 17. Nxb7 Qb6 18. Nd6+ Ke7
19. Bg5+ Kf8 20. Nxd4 (20. Rc1 h6 21. Bh4 Nxe5 $1 22. Nxe5 Qxd6 23. Rc6 Qxe5
24. Rxe5 Bxe5 25. Qe2 Bg7 26. Qxb5 Kg8 $15 {0-1 Hjartarson,J-Akopian,V/WchT
Luzern 1993/CBM 38/[Ftacnik] (40)}) (20. Bh4 Nxe5 21. Nxe5 Qxd6 22. Bg3 Qe7 23.
Rc1 Kg8 24. Nc6 Qd7 25. Qf3 Rf8 26. Ne5 Qd8 27. Nc6 Qd7 28. Ne5 Qd8 29. Nc6 {
1/2-1/2 San Segundo,P-Slobodjan,R/Pamplona 1996/CBM 52/[Ftacnik]}) 20... Nxe5 (
20... Bxe5 $5 21. Bh6+ (21. N6xb5 Kg7 $36 {Ftacnik}) 21... Ke7 22. N6xb5 Rhc8
$15 {Ftacnik}) 21. N4xb5 h6 1/2-1/2

[Event "EU-ch 4th"]
[Site "Istanbul"]
[Date "2003.06.08"]
[Round "9"]
[White "Sokolov, Ivan"]
[Black "Luther, Thomas"]
[Result "1/2-1/2"]
[WhiteElo "2677"]
[BlackElo "2571"]
[Annotator "Lutz,C"]
[PlyCount "126"]
[EventDate "2003.05.30"]
[EventType "swiss"]
[EventRounds "13"]
[EventCountry "TUR"]
[SourceTitle "CBM 096"]
[Source "ChessBase"]
[SourceDate "2003.09.25"]
[SourceVersion "1"]
[SourceVersionDate "2003.09.25"]
[SourceQuality "1"]

1. d4 d5 2. c4 c6 3. Nc3 Nf6 4. e3 e6 5. Nf3 Nbd7 6. Bd3 dxc4 7. Bxc4 b5 8. Bd3
Bb7 9. e4 b4 10. Na4 c5 11. e5 Nd5 12. O-O cxd4 13. Re1 g6 14. Bg5 Qa5 15. Nxd4
a6 16. a3 (16. Rc1 Bg7 17. Nc6 Bxc6 18. Rxc6 O-O 19. Bc4 h6 (19... N5b6 20.
Nxb6 Nxb6 21. Bb3 Rfc8 22. Rxc8+ Rxc8 23. Qd4 Qb5 24. h4 Nd7 25. Bf6 Bf8 26.
Rd1 $10 {Piket,J-Anand,V/Dortmund (9)/1992/0.5 (31)}) 20. Bxd5 Qxd5 21. Qxd5
exd5 22. Bf6 Nxe5 23. Bxe5 Rae8 24. f4 f6 25. Nb6 fxe5 26. Nxd5 $10 {Piket,
Je-Kramnik,V/Amstedam VSB (2)/1993/0.5 (31)}) 16... bxa3 (16... Bg7 $5 17. axb4
$1 Nxb4 (17... Qxb4 18. Re4 $1) 18. Bc4 $1 $16 {Ftacnik}) 17. bxa3 Bg7 18. Rb1
(18. Bd2 Qd8 $1 19. Nf3 O-O 20. Rc1 Rc8 21. Qe2 Rxc1 22. Rxc1 Qe7 {1/2-1/2
Vaganian,R-Kramnik,V/Moscow 1991/TD (22)}) 18... Rb8 19. Bd2 Qd8 20. Rxb7 $5 {
Alles noch 'Theorie' bis hier. Weiß gibt opfert für einen Moment die Qualität,
um sie mit einem Mehrbauern zurück zu gewinnen.} Rxb7 21. Bxa6 Rc7 $5 {Dies
ist ungewöhnlich, häufiger wurde 20...Qa8 gespielt.} (21... Qa8 22. Bxb7 Qxb7 {
Man dachte für geraume Zeit, dass Schwarz trotz des Minusbauern gut steht, da
die weißen Figuren unkoordiniert sind und die Bauern auf a3 und e5 Schwächen
darstellen. Allerdings zeigte die Partie Lautier-Pelletier, dass Weiß wohl
doch etwas besser steht.} 23. Nc3 (23. Bb4 $5 Nxb4 24. axb4 Qxb4 $1 25. Nc6 Qb7
26. Qd6 Bf8 27. Nc5 $1 Bxd6 28. Nxb7 Bc7 29. Nd6+ Kf8 $1 (29... Bxd6 $6 30.
exd6 O-O 31. Ra1 Nb8 $1 32. Na7 Rd8 33. Nb5 $36 {Pinter,J-Kaidanov,G/Budapest/
1989/ (34)}) 30. Ra1 Nxe5 $1 31. Ra8+ Kg7 32. Rxh8 Nxc6 33. Rc8 Bxd6 34. Rxc6
Bf4 35. g4 f5 36. h3 fxg4 37. hxg4 Kf6 38. Kg2 h5 39. Kf3 Bb8 {1/2-1/2
Illescas Cordoba,M-Kramnik,V/Madrid 1993/CBM 36/[Ftacnik] (39)}) 23... O-O 24.
Nf3 Ra8 25. Qc1 (25. Qa1 N5b6 $1 $10 {Dorfman,I-Novikov,I/Lvov/1988/}) 25...
Bf8 (25... N5b6 $5 {Lutz}) 26. Nxd5 Bxa3 (26... Qxd5 {Lutz} 27. Bb4) 27. Qc7
Qxd5 28. Ra1 $14 {1-0 Lautier,J-Pelletier,Y/Leon 2001/CBM 86/[Lutz] (40)
Schwarz hat zwar den Bauern zurückgewonnen, aber seine Figuren haben sich
verknotet. Daher muss er noch gewisse Probleme überwinden.}) 22. Nb5 $6 (22.
Ba5 O-O 23. Nf3 $5 {erscheint mir wie eine Verbesserung, zumindest kann Weiß
seinen Mehrbauern erst einmal halten.} (23. Nc6 Qa8 24. Ne7+ Nxe7 25. Bxc7 Nd5
26. Bf1 Nxc7 27. Qxd7 Qa5 {/\ ...Be5}) (23. Nb5 Bxe5 24. Nxc7 (24. Rxe5 Rc1 $1
25. Qxc1 Qxa5 $15) 24... Bxc7 $15 25. Bb4 Nxb4 26. axb4 Qh4 $1 27. g3 (27. Qxd7
Qxh2+ 28. Kf1 Rd8 29. Qc6 Rd2 $19) 27... Qxb4 $17 28. Re3 Nf6 29. Qc2 Bb8 30.
Rc3 Ba7 31. Rc4 Qe1+ 32. Kg2 Rd8 33. Rc8 Rxc8 34. Qxc8+ Kg7 35. Qc2 Bxf2 {
0-1 Gustafsson,J-Ribli,Z/Germany 2002/EXT 2003 (35)}) 23... Rc1 (23... Qa8 24.
Bxc7 Qxa6 25. Bd6 Rc8 26. Nb2 Rc3) 24. Bxd8 Rxd1 25. Rxd1 Rxd8 26. Bc4 Nxe5 27.
Nxe5 Bxe5 28. Nb6 $14) 22... O-O 23. Nxc7 Qxc7 24. Qc1 Qa7 25. Bb5 Nxe5 $15 {
Schwarz hat den Bauern zurückgewonnen und hat Vorteil, da der Pa3 schwach ist
und die schwarzen Figuren gut koordiniert sind.} 26. Qc5 Qb8 27. Rc1 Ng4 28. g3
h5 29. Be2 Qa8 30. Qc4 Ne5 31. Qe4 Rb8 32. Bd1 Nd7 {Weiß klebt am Na4.} 33. Rb1
Rxb1 34. Qxb1 Bd4 35. Qb3 Qa7 36. Be1 Ne5 37. Nb2 {Dieser Springer hat seit
dem 10.Zug nicht merh gezogen! Nun kehrt er zurück und Weiß verliert gleich
einen Bauern.} Bxb2 38. Qxb2 Nd3 39. Qe2 Nxe1 40. a4 Qa5 41. Kf1 Nc3 42. Qxe1
Qd5 43. Qxc3 Qxd1+ 44. Kg2 Qxa4 $17 45. h4 Qe4+ 46. Kg1 e5 47. Qc7 Kg7 48. Qe7
Qd4 49. Kg2 Qe4+ 50. Kg1 Qf5 51. Qc7 Qe6 52. Qc3 Qd5 53. Qc7 Kf6 54. Qc8 Qe6
55. Qd8+ Kg7 56. Qc7 Qf6 57. Qc5 g5 58. hxg5 Qxg5 59. Qc4 Qg4 60. Qc5 Qd1+ 61.
Kg2 Qd4 62. Qe7 Qg4 63. Qe8 Qe4+ 1/2-1/2